00708nam a2200241 a 4500001001300000003000900013005001700022008004100039020001000080082001700090100003400107245003200141260004500173300000800218500003500226505001000261650001300271700003400284902000800318942000700326952011800333999001500451nice12345678IN_TiNIC20260116012526.0050524s1982 iraa grp 000 0 eng  ac10000a297.82bMIG1 aMinistry Of, Islamic Guidance aBiography of Imam Khomeini. aIranbMinistry of Islamic Guidancec1982 a24p aincludes index and biblioraphy2 aIndex aKhomeini1 aMinistry Of, Islamic Guidance bSRS cBK 001040708StackRoom-aHMIbHMId2007-06-28g100.00l0o297.82 MIG1p011095r2007-06-28v100.00w2005-05-24yBK c7357d7357